| 000 | 00690nam a2200157Ia 4500 | ||
|---|---|---|---|
| 001 | 10312 | ||
| 003 | GE_BSU | ||
| 008 | 181216s||||||||xx |||||||||||||| ||und|| | ||
| 040 | _cGE_BSU | ||
| 100 | _aდავითაშვილი,ზურაბ | ||
| 245 | _aმსოფლიოს ისტორიული და პოლიტიკური გეოგრაფია | ||
| 245 | _bსახელმძღვანელო უმაღლეს სასწ. სტუდ. | ||
| 245 | _cრედ.ი სალუქვაძე | ||
| 653 | _aმსოფლიოს ისტორიული და პოლიტიკური გეოგრაფია | ||
| 942 | _cBK | ||
| 999 |
_c43579 _d43579 |
||